|
|
|
|
| LEADER |
00000cam a2200000 a 4500 |
| 001 |
vtls001390027 |
| 003 |
SK-MaSNL |
| 005 |
20260301071413.0 |
| 008 |
251124s1976 lv a ra 0000j slo |
| 015 |
|
|
|a SNBZSA2000-00191
|
| 020 |
|
|
|c 20,00 Kčs
|
| 035 |
|
|
|a SNK000344292
|
| 040 |
|
|
|a SNK
|b slo
|c SNK
|e AACR2
|
| 041 |
1 |
|
|a slo
|h fre
|
| 044 |
|
|
|a lv
|c LV
|
| 080 |
|
|
|a 840-3(087.5)
|2 1981
|
| 100 |
1 |
|
|a Perrault, Charles,
|d 1628-1703
|4 aut
|9 103253
|
| 245 |
1 |
0 |
|a Kocúr v čižmách
|c Charles Perrault ; [ilustroval Gunărs Krollis ; preložila Viera Rybárová]
|
| 260 |
|
|
|a Riga
|b Sprídítis Riga
|c c1976
|
| 300 |
|
|
|a 32 s.
|b fareb. ilustr.
|c 29 cm
|
| 500 |
|
|
|a Fareb. ilustr. na tit. strane
|
| 500 |
|
|
|a Údaj o ilustr. a prekl. prevzatý z rubu tit. strany
|
| 650 |
0 |
7 |
|a literárne adaptácie
|2 SNKPH
|9 1426
|
| 655 |
|
7 |
|a umelecká literatúra
|2 SNKPH
|9 60405
|
| 655 |
|
7 |
|a ľudové rozprávky
|2 SNKPH
|9 70593
|
| 655 |
|
7 |
|a francúzske rozprávky
|2 SNKPH
|9 70645
|
| 655 |
|
7 |
|a literatúra pre deti
|2 SNKPH
|9 87135
|
| 700 |
1 |
|
|a Rybárová, Viera
|4 trl
|9 6847
|
| 700 |
1 |
|
|a Krollis, Gunărs
|4 ill
|9 389132
|
| 958 |
|
|
|a OND
|
| 958 |
|
|
|a ZS
|
| 958 |
|
|
|a TL
|
| 958 |
|
|
|a UP
|
| 958 |
|
|
|a LX
|
| 958 |
|
|
|a FR
|
| 958 |
|
|
|a DB
|
| 999 |
|
|
|c 637721
|d 639651
|
| 952 |
|
|
|t P60, <03>, [BOOK], {603}
|a SNK
|b SNK
|y PREZ
|7 0
|p 17A0242910
|o snkSB 61851
|i snkK 359/2000
|0 0
|1 0
|4 0
|d 2000-06-02
|f 1
|l 0
|r 2025-04-10 00:00:00
|w 2026-02-23
|